000 01033cam a2200253 4500
001 ABS62599
008 000000n2000 000 0 eng u
035 _a(Sirsi) u107332
100 _aWinter, J.
245 _aThis closes the door on doubts
260 _c2000
490 _aConstruction News
_v(6673) 6 July 2000, 38(1)
520 _aParties losing at arbitration may look for evidence that the arbitrator was biased. An arbitrator can be removed if there are justifiable doubts of impartiality, and also for misconduct. Recommends it is wise for an arbitrator to disclose any interests at the outset. Outlines the problems of an arbitrator's inadvertent non-disclosure of interest in "AT & T and Lucent v Saudi Cable Co".
590 _aABS
650 _aDISCLOSURE OF INTEREST
650 _aAT AND T AND LUCENT V SAUDI CABLE CO
650 _aARBITRATORS
650 _aBIAS
650 _aMISCONDUCT
650 _aLITIGATION
650 _aCONFLICT OF INTEREST
690 _aDispute resolution
_96236
942 _n0
999 _c64171
_d64171